000 00285nam a22001337a 4500
008 171005b xxu||||| |||| 00| 0 eng d
020 _a0880480009
041 _aeng
080 _a159.9
100 _a49
101 _aPSI
245 _aPSYCHIATRY 1982
_cGRINSPOON,L
942 _2udc
_cBK
999 _c32138
_d32138